000 00524nam a2200181 i 4500
001 28144
003 ES-MaACL
005 20240125155016.0
007 t|
008 030116s1966 sp ||||1| spa d
100 1 _aBachelard, Gaston.
_924466
245 1 0 _aPsicoanálisis del fuego /
_cGaston Bachelard ; [Traductor Ramón G. Redondo].
260 _aMadrid :
_bAlianza,
_c[1966]
300 _a194 p. ;
_c18 cm.
700 1 _aRedondo, Ramón G.
_995823
852 _aES-MaACL
_jC-31731
_bR.61604
999 _c28144
_d28144